Quiz mythologique : Rhéa. - Statistiques

Statistiques générales
  • Ce quiz a été pris 17 fois
  • Le résultat moyen est 7 sur 11
Statistiques - réponses
Questions Réponses % Correct
Mari Cronos
94%
Lequel de ses enfants Rhéa parvient-elle à sauver ? Zeus
94%
Père Ouranos
88%
Combien d’enfants Rhéa a-t-elle avec Cronos ? Six
88%
À quelle génération divine appartient Rhéa ? Titans
88%
Alors que son mari avait avalé tous leurs enfants, elle parvint à sauver le dernier en lui donnant une _____ à la place. Une pierre
81%
Mère Gaïa
75%
Nom romain Ops
44%
Sous quel nom Rhéa est-elle parfois vénérée comme “la Mère des dieux” en Phrygie ? Cybèle
31%
Sur quel île se retire-t-elle après la chute de son époux ? Île de Crète
19%
Quel animal lui est souvent associé ? Lion
13%
Aucun quiz correspondant
Distribution des résultats
% des personnes avec chaque résultat
Percentile par nombre de réponses
Votre historique - résultats
Vous n’avez pas pris ce quiz